Effective of weed management on sawing rice IR 66 variety in prateah lang soil condition in dry season ប្រសិទ្ធភាពនៃការគ្រប់គ្រងស្មៅទៅលើស្រូវពង្រោះពូជ អ៊ីអ៊ែរ ៦៦ នៅរដូវប្រាំងលក្ខខ័ណ្ឌដីប្រទះឡាង (Record no. 1308)

000 -LEADER
fixed length control field 00735nam a22001577a 4500
003 - CONTROL NUMBER IDENTIFIER
control field OSt
005 - DATE AND TIME OF LATEST TRANSACTION
control field 20150926163701.0
008 - FIXED-LENGTH DATA ELEMENTS--GENERAL INFORMATION
fixed length control field 150926b xxu||||| |||| 00| 0 eng d
040 ## - CATALOGING SOURCE
Transcribing agency RUA
082 ## - DEWEY DECIMAL CLASSIFICATION NUMBER
Classification number AGR SEN 2013 B057 Or.1
100 ## - MAIN ENTRY--PERSONAL NAME
9 (RLIN) 1394
Personal name SENG, SOVANTARA.
245 ## - TITLE STATEMENT
Title Effective of weed management on sawing rice IR 66 variety in prateah lang soil condition in dry season ប្រសិទ្ធភាពនៃការគ្រប់គ្រងស្មៅទៅលើស្រូវពង្រោះពូជ អ៊ីអ៊ែរ ៦៦ នៅរដូវប្រាំងលក្ខខ័ណ្ឌដីប្រទះឡាង
260 ## - PUBLICATION, DISTRIBUTION, ETC. (IMPRINT)
Place of publication, distribution, etc. Phnom Penh
Name of publisher, distributor, etc. RUA
Date of publication, distribution, etc. 2013
300 ## - PHYSICAL DESCRIPTION
Extent ix; 43p.
Other physical details ill.
Dimensions 29cm.
942 ## - ADDED ENTRY ELEMENTS (KOHA)
Source of classification or shelving scheme
Koha item type AGR
Holdings
Price effective from Date last seen Permanent Location Not for loan Date acquired Source of classification or shelving scheme Koha item type Barcode Lost status Damaged status Shelving location Withdrawn status Current Location Full call number
2015-09-262015-09-26Library Block B 2015-09-26 AGRRUA006302  B057 Library Block BAGR SEN 2013 B057 Or.1
2015-09-262015-09-26Library Block B 2015-09-26 AGRRUA006794  B057 Library Block BAGR SEN 2013 B057 Or.2
2015-09-262015-09-26Library Block B 2015-09-26 AGRRUA006542  B057 Library Block BAGR SEN 2013 B057 Or.3
2015-09-262015-09-26Library Block B 2015-09-26 AGRRUA006796  B057 Library Block BAGR SEN 2013 B057 Or.4
2015-09-262015-09-26Library Block B 2015-09-26 AGRRUA006561  B057 Library Block BAGR SEN 2013 B057 Or.5
2015-09-262015-09-26Library Block B 2015-09-26 AGRRUA006345  B057 Library Block BAGR SEN 2013 B057 Or.6
2015-09-262015-09-26Library Block B 2015-09-26 AGRRUA006559  B057 Library Block BAGR SEN 2013 B057 Or.7
2015-09-262015-09-26Library Block B 2015-09-26 AGRRUA006803  B057 Library Block BAGR SEN 2013 B057 Or.8
2019-01-222019-01-22Library Block B 2019-01-22 AGRA40178  B1.214 Library Block BAGR SEN 2013 B1.214 Or.1
2019-02-152019-02-15Library Block B 2019-02-15 AGRA35270  B1.218 Library Block BAGR SEN 2013 B1.218 Or.1
មជ្ឈមណ្ឌលឯការនៃសាកលវិទ្យាល័យភូមិន្ទកសិកម្មចំការដូង

Powered by Koha